Top English Birding Counties Quiz Stats

 Plays Quiz not verified by Sporcle

Challenge
Share
Tweet
Embed
Score 0/10 Timer 04:00
0 Plays Today
Species County % Correct
427Norfolk
91.7%
433Cornwall
83.3%
423Devon
75%
420Yorkshire
66.7%
398Suffolk
66.7%
417Dorset
58.3%
436Isles of Scilly
50%
415Kent
50%
390Essex
50%
384Sussex
50%

You're not logged in!

Compare scores with friends on all Sporcle quizzes.
OR
Log In

You Might Also Like...

Show Comments

Extras

Created May 20, 2012ReportNominate
Tags:bird, bird-brained, counties

Top Quizzes Today


Score Distribution

Your Account Isn't Verified!

In order to create a playlist on Sporcle, you need to verify the email address you used during registration. Go to your Sporcle Settings to finish the process.

Report this User

Report this user for behavior that violates our Community Guidelines.

Details: